Départements les plus proche de Tokyo - Statistiques

Statistiques générales
  • Ce quiz a été pris 14 fois
  • Le résultat moyen est 9 sur 10
Statistiques - réponses
Distance Département % Correct
9 439 km Bas-Rhin
100%
9 540 km Haut-Rhin
100%
9 477 km Ardennes
93%
9 492 km Meurthe-et-Moselle
93%
9 454 km Moselle
93%
9 521 km Aisne
79%
9 485 km Nord
79%
9 509 km Pas-de-Calais
79%
9 504 km Meuse
71%
9 528 km Vosges
71%
Aucun quiz correspondant
Distribution des résultats
% des personnes avec chaque résultat
Percentile par nombre de réponses
Votre historique - résultats
Vous n’avez pas pris ce quiz